Age of Empires II - nom des batiments - Statistiques

Statistiques générales
  • Ce quiz a été pris 118 fois
  • Le résultat moyen est 21 sur 32
Statistiques - réponses
Age Bâtiment % Correct
Château
98%
Caserne
96%
Moulin
96%
Écurie
95%
Port
95%
Ferme
88%
Age des châteaux Forum
88%
Age féodal Forge
86%
Age impérial Merveille
86%
Monastère
84%
Habitation
82%
Palissade
82%
Université
82%
Tour de guet
81%
Marché
78%
Age sombre Camp de bûcherons
75%
Porte
75%
Atelier de siège
73%
Camp de mineurs
71%
Camp de tir à l'arc
64%
Mur de pierre
57%
(Siciliens seulement) Donjon
55%
Donjon
55%
Tour de garde
55%
Tour de bombarde
39%
Mur fortifié
33%
Porte de palissade
31%
(Bulgares seulement) Krepost
30%
Poste avancé
30%
(Portugais seulement) Feitoria
29%
(Malais seulement) Capitainerie
22%
Piège à poissons
20%
Aucun quiz correspondant
Distribution des résultats
% des personnes avec chaque résultat
Percentile par nombre de réponses
Votre historique - résultats
Vous n’avez pas pris ce quiz